|
|
|
|
| LEADER |
04555nas a2200517Ia 4500 |
| 001 |
S489 |
| 008 |
170811c99999999xx |||||||||||| ||und|| |
| 245 |
|
|
|a Transactions,American Philosophical Society(New series)
|
| 260 |
|
|
|b American Philosophical society,
|a America :
|c 1769 -
|
| 300 |
|
|
|b ill.
|c cm.
|
| 362 |
|
|
|a Began from year / volume 1960
|
| 650 |
|
|
|v Periodicals.
|
| 710 |
|
|
|a American Philosophical society,
|
| 942 |
|
|
|c BV
|
| 999 |
|
|
|c 184223
|d 184223
|
| 952 |
|
|
|0 0
|1 0
|4 0
|6 M_73L69
|7 0
|9 308918
|a LIB
|b LIB
|d 2017-08-13
|h 1960, Vol. 50
|o m73,L69
|p 79699
|r 2017-08-13
|w 2017-08-13
|x P(BV)
|y BV
|
| 952 |
|
|
|0 0
|1 0
|4 0
|6 M_73L69
|7 0
|9 308919
|a LIB
|b LIB
|d 2017-08-13
|h 1960, Vol. 50
|o m73,L69
|p 79700
|r 2017-08-13
|w 2017-08-13
|x P(BV)
|y BV
|
| 952 |
|
|
|0 0
|1 0
|4 0
|6 M_73L69
|7 0
|9 308920
|a LIB
|b LIB
|d 2017-08-13
|h 1961, Vol. 51
|o m73,L69
|p 85326
|r 2017-08-13
|w 2017-08-13
|x P(BV)
|y BV
|
| 952 |
|
|
|0 0
|1 0
|4 0
|6 M_73L69
|7 0
|9 308921
|a LIB
|b LIB
|d 2017-08-13
|h 1962, Vol. 52
|o m73,L69
|p 98235
|r 2017-08-13
|w 2017-08-13
|x P(BV)
|y BV
|
| 952 |
|
|
|0 0
|1 0
|4 0
|6 M_73L69
|7 0
|9 308922
|a LIB
|b LIB
|d 2017-08-13
|h 1963, Vol. 53
|o m73,L69
|p 98236
|r 2017-08-13
|w 2017-08-13
|x P(BV)
|y BV
|
| 952 |
|
|
|0 0
|1 0
|4 0
|6 M_73L69
|7 0
|9 308923
|a LIB
|b LIB
|d 2017-08-13
|h 1963, Vol. 53
|o m73,L69
|p 110233
|r 2017-08-13
|w 2017-08-13
|x P(BV)
|y BV
|
| 952 |
|
|
|0 0
|1 0
|4 0
|6 M_73L69
|7 0
|9 308924
|a LIB
|b LIB
|d 2017-08-13
|h 1964, Vol. 54
|o m73,L69
|p 120548
|r 2017-08-13
|w 2017-08-13
|x P(BV)
|y BV
|
| 952 |
|
|
|0 0
|1 0
|4 0
|6 M_73L69
|7 0
|9 308925
|a LIB
|b LIB
|d 2017-08-13
|h 1967, Vol. 57
|o m73,L69
|p 121702
|r 2017-08-13
|w 2017-08-13
|x P(BV)
|y BV
|
| 952 |
|
|
|0 0
|1 0
|4 0
|6 M_73L69
|7 0
|9 308926
|a LIB
|b LIB
|d 2017-08-13
|h 1966, Vol. 56
|o m73,L69
|p 121704
|r 2017-08-13
|w 2017-08-13
|x P(BV)
|y BV
|
| 952 |
|
|
|0 0
|1 0
|4 0
|6 M_73L69
|7 0
|9 308927
|a LIB
|b LIB
|d 2017-08-13
|h 1968, Vol. 58
|o m73,L69
|p 157477
|r 2017-08-13
|w 2017-08-13
|x P(BV)
|y BV
|
| 952 |
|
|
|0 0
|1 0
|4 0
|6 M_73L69
|7 0
|9 308928
|a LIB
|b LIB
|d 2017-08-13
|h 1969, Vol. 59
|o m73,L69
|p 157478
|r 2017-08-13
|w 2017-08-13
|x P(BV)
|y BV
|
| 952 |
|
|
|0 0
|1 0
|4 0
|6 M_73L69
|7 0
|9 308929
|a LIB
|b LIB
|d 2017-08-13
|h 1970, Vol. 60
|o m73,L69
|p 157479
|r 2017-08-13
|w 2017-08-13
|x P(BV)
|y BV
|
| 952 |
|
|
|0 0
|1 0
|4 0
|6 M_73L69
|7 0
|9 308930
|a LIB
|b LIB
|d 2017-08-13
|h 1971, Vol. 61
|o m73,L69
|p 157480
|r 2017-08-13
|w 2017-08-13
|x P(BV)
|y BV
|
| 952 |
|
|
|0 0
|1 0
|4 0
|6 M_73L69
|7 0
|9 308931
|a LIB
|b LIB
|d 2017-08-13
|h 1972, Vol. 62
|o m73,L69
|p 157481
|r 2017-08-13
|w 2017-08-13
|x P(BV)
|y BV
|
| 952 |
|
|
|0 0
|1 0
|4 0
|6 M_73L69
|7 0
|9 308932
|a LIB
|b LIB
|d 2017-08-13
|h 1973, Vol. 63
|o m73,L69
|p 159633
|r 2017-08-13
|w 2017-08-13
|x P(BV)
|y BV
|
| 952 |
|
|
|0 0
|1 0
|4 0
|6 M_73L69
|7 0
|9 308933
|a LIB
|b LIB
|d 2017-08-13
|h 1974, Vol. 64
|o m73,L69
|p 159634
|r 2017-08-13
|w 2017-08-13
|x P(BV)
|y BV
|
| 952 |
|
|
|0 0
|1 0
|4 0
|6 M_73L69
|7 0
|9 308934
|a LIB
|b LIB
|d 2017-08-13
|h 1975, Vol. 65
|o m73,L69
|p 164090
|r 2017-08-13
|w 2017-08-13
|x P(BV)
|y BV
|
| 952 |
|
|
|0 0
|1 0
|4 0
|6 M_73L69
|7 0
|9 308935
|a LIB
|b LIB
|d 2017-08-13
|h 1976, Vol. 66
|o m73,L69
|p 169449
|r 2017-08-13
|w 2017-08-13
|x P(BV)
|y BV
|
| 952 |
|
|
|0 0
|1 0
|4 0
|6 M_73L69
|7 0
|9 308936
|a LIB
|b LIB
|d 2017-08-13
|h 1977, Vol. 67
|o m73,L69
|p 174962
|r 2017-08-13
|w 2017-08-13
|x P(BV)
|y BV
|
| 952 |
|
|
|0 0
|1 0
|4 0
|6 M_73L69
|7 0
|9 308937
|a LIB
|b LIB
|d 2017-08-13
|h 1982, Vol. 72
|o m73,L69
|p 228759
|r 2017-08-13
|w 2017-08-13
|x P(BV)
|y BV
|
| 952 |
|
|
|0 0
|1 0
|4 0
|6 M_73L69
|7 0
|9 308938
|a LIB
|b LIB
|d 2017-08-13
|h 1978, Vol. 68
|o m73,L69
|p 228760
|r 2017-08-13
|w 2017-08-13
|x P(BV)
|y BV
|
| 952 |
|
|
|0 0
|1 0
|4 0
|6 M_73L69
|7 0
|9 308939
|a LIB
|b LIB
|d 2017-08-13
|h 1979, Vol. 69
|o m73,L69
|p 228761
|r 2017-08-13
|w 2017-08-13
|x P(BV)
|y BV
|
| 952 |
|
|
|0 0
|1 0
|4 0
|6 M_73L69
|7 0
|9 308940
|a LIB
|b LIB
|d 2017-08-13
|h 1980, Vol. 70
|o m73,L69
|p 228762
|r 2017-08-13
|w 2017-08-13
|x P(BV)
|y BV
|
| 952 |
|
|
|0 0
|1 0
|4 0
|6 M_73L69
|7 0
|9 308941
|a LIB
|b LIB
|d 2017-08-13
|h 1981, Vol. 71
|o m73,L69
|p 228763
|r 2017-08-13
|w 2017-08-13
|x P(BV)
|y BV
|
| 952 |
|
|
|0 0
|1 0
|4 0
|6 M_73L69
|7 0
|9 308942
|a LIB
|b LIB
|d 2017-08-13
|h 1983, Vol. 73
|o m73,L69
|p 228764
|r 2017-08-13
|w 2017-08-13
|x P(BV)
|y BV
|
| 952 |
|
|
|0 0
|1 0
|4 0
|6 M_73L69
|7 0
|9 308943
|a LIB
|b LIB
|d 2017-08-13
|h 1983, Vol. 73
|o m73,L69
|p 228765
|r 2017-08-13
|w 2017-08-13
|x P(BV)
|y BV
|
| 952 |
|
|
|0 0
|1 0
|4 0
|6 M_73L69
|7 0
|9 308944
|a LIB
|b LIB
|d 2017-08-13
|h 1985, Vol. 75
|o m73,L69
|p 228766
|r 2017-08-13
|w 2017-08-13
|x P(BV)
|y BV
|
| 952 |
|
|
|0 0
|1 0
|4 0
|6 M_73L69
|7 0
|9 308945
|a LIB
|b LIB
|d 2017-08-13
|h 1985, Vol. 75
|o m73,L69
|p 228767
|r 2017-08-13
|w 2017-08-13
|x P(BV)
|y BV
|
| 952 |
|
|
|0 0
|1 0
|4 0
|6 M_73L69
|7 0
|9 308946
|a LIB
|b LIB
|d 2017-08-13
|h 1986, Vol. 76
|o m73,L69
|p 228768
|r 2017-08-13
|w 2017-08-13
|x P(BV)
|y BV
|
| 952 |
|
|
|0 0
|1 0
|4 0
|6 M_73L69
|7 0
|9 308947
|a LIB
|b LIB
|d 2017-08-13
|h 1986, Vol. 76
|o m73,L69
|p 228769
|r 2017-08-13
|w 2017-08-13
|x P(BV)
|y BV
|
| 952 |
|
|
|0 0
|1 0
|4 0
|6 M_73L69
|7 0
|9 308948
|a LIB
|b LIB
|d 2017-08-13
|h 1984, Vol. 74
|o m73,L69
|p 231641
|r 2017-08-13
|w 2017-08-13
|x P(BV)
|y BV
|